| 000 | 00813cam a22002654a 4500 | ||
|---|---|---|---|
| 999 |
_c35468 _d35468 |
||
| 001 | YPZ90270 | ||
| 003 | YPZ | ||
| 005 | 20260303135212.0 | ||
| 008 | 260303s1984 ag grb 001 0 spa d | ||
| 020 | _a9500702312 | ||
| 040 |
_aSIUNPA _bspa _cSIUNPA _eAACR2 |
||
| 041 | _aspa | ||
| 044 | _aag | ||
| 080 | _a061.236.6 P453p2 | ||
| 245 |
_aPerón y el G.O.U. _b: los documentos de una logia secreta _c/ compilación, introducción y comentarios de Robert A. Potash |
||
| 250 | _a2a. ed. | ||
| 260 |
_aBuenos Aires _b : Sudamericana _c , 1984 |
||
| 300 | _a481 p. | ||
| 650 | _a HISTORIA POLITICA | ||
| 650 | _a GRUPO OBRA DE UNIFICACION (ARGENTINA) | ||
| 650 | _aPOLITICA Y GOBIERNO | ||
| 650 | _aMILITARES | ||
| 700 |
_aPotash, Robert A. _ecompilación, introducción y comentarios de |
||
| 942 |
_cBK _2udc |
||